[Event "Avoine op 34th"]
[Site "Avoine"]
[Date "2019.07.20"]
[Round "4"]
[White "Kibleur, Christophe"]
[Black "Cau, Benjamin"]
[Result "1/2-1/2"]
[WhiteElo "1894"]
[BlackElo "2073"]
[PlyCount "51"]
[EventDate "2019.07.20"]
[EventType "swiss"]
[EventRounds "9"]
[EventCountry "FRA"]
[SourceTitle "EXT 2020"]
[Source "ChessBase"]
[SourceDate "2019.10.17"]
[SourceVersion "1"]
[SourceVersionDate "2019.10.17"]
[SourceQuality "1"]

1. e4 c6 2. Nc3 d5 3. Nf3 Bg4 4. h3 Bxf3 5. Qxf3 e6 6. Be2 Nf6 7. 0-0 Be7 8. Rd1 0-0 9. d4 Nbd7 10. Bd3 dxe4 11. Nxe4 Nxe4 12. Qxe4 Nf6 13. Qh4 g6 14. c4 Rc8 15. Bg5 Rc7 16. Bh6 Re8 17. Be2 Rd7 18. Qf4 Qc7 19. Qxc7 Rxc7 20. Bf3 Rd8 21. Rd2 Rcd7 22. Rad1 Bb4 23. Rd3 e5 24. Bg5 Be7 25. Bxf6 Bxf6 26. d5 1/2-1/2

[Event "Avoine op 33rd"]
[Site "Avoine"]
[Date "2018.07.26"]
[Round "6"]
[White "Cau, Benjamin"]
[Black "Real, Thibault"]
[Result "1-0"]
[WhiteElo "2093"]
[BlackElo "2246"]
[PlyCount "59"]
[EventDate "2018.07.21"]
[EventType "swiss"]
[EventRounds "9"]
[EventCountry "FRA"]
[SourceTitle "CBM 185 Extra"]
[Source "ChessBase"]
[SourceDate "2018.07.29"]
[SourceVersion "1"]
[SourceVersionDate "2018.07.29"]
[SourceQuality "1"]

1. e4 c5 2. c3 Nf6 3. e5 Nd5 4. d4 cxd4 5. cxd4 d6 6. Nf3 e6 7. Nc3 Nc6 8. Bd3 dxe5 9. dxe5 Nxc3 10. bxc3 Be7 11. 0-0 Qc7 12. Qe2 b6 13. Re1 Bb7 14. Ng5 h6 15. Qh5 Bxg5 16. Bxg5 Na5 17. Rad1 Bd5 18. f4 Nc4 19. f5 Nxe5 20. fxe6 0-0 21. e7 Rfe8 22. Bb1 Ng6 23. Rxd5 hxg5 24. Bxg6 fxg6 25. Qxg5 Qxc3 26. Red1 Rac8 27. Rd8 Kf7 28. Qd5+ Kxe7 29. Rd7+ Kf6 30. Rf7# 1-0

[Event "Avoine op 31st"]
[Site "Avoine"]
[Date "2016.07.25"]
[Round "3"]
[White "Colin, Vincent"]
[Black "Cau, Benjamin"]
[Result "1-0"]
[WhiteElo "2395"]
[BlackElo "2092"]
[PlyCount "53"]
[EventDate "2016.07.23"]
[EventType "swiss"]
[EventRounds "9"]
[EventCountry "FRA"]
[SourceTitle "CBM 173 Extra"]
[Source "ChessBase"]
[SourceDate "2016.08.29"]
[SourceVersion "1"]
[SourceVersionDate "2016.08.29"]
[SourceQuality "1"]

1. d4 d5 2. c4 c6 3. Nf3 Nf6 4. e3 Bf5 5. Nc3 e6 6. Nh4 Bg6 7. Nxg6 hxg6 8. a3 Bd6 9. g3 Nbd7 10. c5 Bc7 11. f4 g5 12. Bg2 gxf4 13. exf4 b6 14. b4 a5 15. Rb1 axb4 16. axb4 bxc5 17. dxc5 e5 18. 0-0 exf4 19. Bxf4 Bxf4 20. gxf4 0-0 21. Qd4 Qc7 22. Rfe1 Rfe8 23. b5 cxb5 24. Nxd5 Nxd5 25. Qxd5 Rxe1+ 26. Rxe1 Rd8 27. Rd1 1-0

[Event "Avoine op 30th"]
[Site "Avoine"]
[Date "2015.07.20"]
[Round "3"]
[White "Dumitrache, Dragos Nicolae"]
[Black "Cau, Benjamin"]
[Result "1-0"]
[WhiteElo "2423"]
[BlackElo "2133"]
[PlyCount "87"]
[EventDate "2015.07.18"]
[EventType "swiss"]
[EventRounds "9"]
[EventCountry "FRA"]
[SourceTitle "EXT 2016"]
[Source "ChessBase"]
[SourceDate "2015.10.08"]
[SourceVersion "1"]
[SourceVersionDate "2015.10.08"]
[SourceQuality "1"]

1. d4 d5 2. c4 c6 3. Nf3 Nf6 4. e3 Bf5 5. Nc3 e6 6. Nh4 Bg6 7. Be2 Nbd7 8. g3 Be7 9. 0-0 0-0 10. Nxg6 hxg6 11. b3 Qa5 12. Bd2 Qc7 13. Qc2 dxc4 14. bxc4 e5 15. Bf3 Rad8 16. Rfd1 Nb6 17. Ne2 exd4 18. exd4 c5 19. Bf4 Qc8 20. Rab1 cxd4 21. Nxd4 Bc5 22. Nb3 Rxd1+ 23. Rxd1 Re8 24. Nxc5 Qxc5 25. Bxb7 Qxc4 26. Qxc4 Nxc4 27. a4 Re7 28. Ba6 Nb6 29. a5 Nbd5 30. Bd2 Ne4 31. Be1 Nec3 32. Ra1 Nb4 33. Bf1 Nbd5 34. h4 Kh7 35. Bg2 f5 36. Kf1 Ne4 37. Rc1 Ndf6 38. f3 Nd6 39. Bb4 Rd7 40. Rd1 Nc4 41. Rxd7 Nxd7 42. Ke2 Nde5 43. f4 Ng4 44. Bd5 1-0

[Event "Avoine op 29th"]
[Site "Avoine"]
[Date "2014.07.25"]
[Round "7"]
[White "Cau, Benjamin"]
[Black "Delinotte, Mathieu"]
[Result "0-1"]
[WhiteElo "2148"]
[BlackElo "1870"]
[PlyCount "116"]
[EventDate "2014.07.19"]
[EventType "swiss"]
[EventRounds "9"]
[EventCountry "FRA"]
[SourceTitle "CBM 161 Extra"]
[Source "ChessBase"]
[SourceDate "2014.08.29"]
[SourceVersion "1"]
[SourceVersionDate "2014.08.29"]
[SourceQuality "1"]

1. e4 c5 2. Nf3 g6 3. d4 cxd4 4. Nxd4 Bg7 5. c4 Nc6 6. Nb3 d6 7. Nc3 Be6 8. Be3 Nf6 9. Be2 Qc8 10. Rc1 Ne5 11. Nd2 0-0 12. b3 Nfg4 13. Bf4 f5 14. exf5 Bxf5 15. Bxe5 Nxf2 16. Bxg7 Nxd1 17. Bxf8 Nxc3 18. Rxc3 Kxf8 19. 0-0 Qc5+ 20. Kh1 Qd4 21. Rd3 Qe5 22. Bg4 Kg7 23. Rd5 Qxd5 24. cxd5 Bxg4 25. h3 Bd7 26. Re1 Kf8 27. Rf1+ Ke8 28. Ne4 h6 29. Re1 Kd8 30. Kg1 Rc8 31. Re2 Rc1+ 32. Kf2 Rd1 33. Nc3 Rd3 34. Rc2 Bf5 35. Rc1 Rd2+ 36. Kf3 Kd7 37. g4 Rc2 38. Rxc2 Bxc2 39. Nb5 a6 40. Nd4 Bb1 41. a3 g5 42. b4 Bd3 43. a4 Ke8 44. a5 Kf7 45. Ne6 Kf6 46. Nd8 Ke5 47. Nf7+ Kxd5 48. Nxh6 Bg6 49. Kg3 e5 50. h4 gxh4+ 51. Kxh4 e4 52. Kg3 Kc4 53. Kf4 Kd3 54. Nf5 Bxf5 55. gxf5 e3 56. f6 e2 57. f7 e1Q 58. f8Q Qf1+ 0-1

[Event "Avoine op 28th"]
[Site "Avoine"]
[Date "2013.07.26"]
[Round "7"]
[White "Cau, Benjamin"]
[Black "Dupont, Arthur"]
[Result "1-0"]
[WhiteElo "2125"]
[BlackElo "1837"]
[PlyCount "51"]
[EventDate "2013.07.20"]
[EventType "swiss"]
[EventRounds "9"]
[EventCountry "FRA"]
[SourceTitle "CBM 155 Extra"]
[Source "ChessBase"]
[SourceDate "2013.08.26"]
[SourceVersion "1"]
[SourceVersionDate "2013.08.26"]
[SourceQuality "1"]

1. e4 c5 2. Nf3 d6 3. d4 cxd4 4. Nxd4 Nf6 5. Nc3 g6 6. g3 Bg7 7. Bg2 0-0 8. 0-0 Qc7 9. Ndb5 Qd7 10. a4 a6 11. Na3 Qc7 12. Bg5 Be6 13. Nd5 Nxd5 14. exd5 Bf5 15. c3 h6 16. Be3 g5 17. f4 g4 18. Nc2 Bxc3 19. bxc3 Qxc3 20. Rc1 Bxc2 21. Qxg4+ Kh8 22. Rfe1 Qd3 23. Rxc2 Qxc2 24. Bd4+ f6 25. Rxe7 Qc1+ 26. Bf1 1-0

[Event "Avoine op 27th"]
[Site "Avoine"]
[Date "2012.07.24"]
[Round "4"]
[White "Cau, Benjamin"]
[Black "Lavanchy, Marc Henri"]
[Result "1/2-1/2"]
[WhiteElo "2158"]
[BlackElo "1930"]
[PlyCount "54"]
[EventDate "2012.07.21"]
[EventType "swiss"]
[EventRounds "9"]
[EventCountry "FRA"]
[SourceTitle "CBM 149 Extra"]
[Source "ChessBase"]
[SourceDate "2012.08.24"]
[SourceVersion "1"]
[SourceVersionDate "2012.08.24"]
[SourceQuality "1"]

1. e4 c5 2. Nf3 d6 3. d4 cxd4 4. Nxd4 Nf6 5. Nc3 g6 6. g3 Bg7 7. Bg2 0-0 8. 0-0 a6 9. a4 Qc7 10. Bg5 Nc6 11. Bxf6 exf6 12. Nd5 Qd8 13. c3 Be6 14. Nc2 Ne7 15. Nce3 Rc8 16. Qd2 Nxd5 17. Nxd5 Bxd5 18. Qxd5 Qb6 19. Rab1 Rc5 20. Qd3 Qc7 21. Rfd1 Rd8 22. Bf1 Qc6 23. Ra1 Re5 24. Bg2 Qc7 25. c4 a5 26. b3 b6 27. Ra2 Ree8 1/2-1/2

[Event "Lille Luce op 3rd"]
[Site "Lille"]
[Date "2012.04.26"]
[Round "5"]
[White "Cau, Benjamin"]
[Black "Villegas, Pierre"]
[Result "1/2-1/2"]
[WhiteElo "2125"]
[BlackElo "2278"]
[PlyCount "53"]
[EventDate "2012.04.23"]
[EventType "swiss"]
[EventRounds "8"]
[EventCountry "FRA"]
[SourceTitle "CBM 148 Extra"]
[Source "ChessBase"]
[SourceDate "2012.06.22"]
[SourceVersion "1"]
[SourceVersionDate "2012.06.22"]
[SourceQuality "1"]

1. e4 c5 2. Nf3 a6 3. d4 cxd4 4. Nxd4 Nf6 5. Nc3 e5 6. Nb3 Bb4 7. Bd3 d5 8. exd5 Nxd5 9. Bd2 Nxc3 10. bxc3 Bd6 11. 0-0 0-0 12. Qh5 g6 13. Qh6 Re8 14. Bg5 Qc7 15. Rae1 Bf8 16. Qh4 Be6 17. f4 exf4 18. Bxf4 Qd8 19. Bg5 Be7 20. Bxe7 Qxe7 21. Qh6 Nd7 22. Nd4 Qf8 23. Qg5 Qc5 24. Qxc5 Nxc5 25. Nxe6 Rxe6 26. Bc4 Rxe1 27. Rxe1 1/2-1/2

[Event "Avoine op 26th"]
[Site "Avoine"]
[Date "2011.07.24"]
[Round "2"]
[White "Cau, Benjamin"]
[Black "Roger, Thomas"]
[Result "1-0"]
[WhiteElo "2132"]
[BlackElo "1982"]
[PlyCount "81"]
[EventDate "2011.07.23"]
[EventType "swiss"]
[EventRounds "9"]
[EventCountry "FRA"]
[SourceTitle "EXT 2012"]
[Source "ChessBase"]
[SourceDate "2011.11.24"]
[SourceVersion "1"]
[SourceVersionDate "2011.11.24"]
[SourceQuality "1"]

1. e4 c6 2. d4 d5 3. Nc3 dxe4 4. Nxe4 Bf5 5. Ng3 Bg6 6. h4 h6 7. Nh3 Nf6 8. Nf4 Bh7 9. Bc4 e6 10. 0-0 Bd6 11. Re1 0-0 12. c3 Nd5 13. Qg4 Nxf4 14. Bxf4 Bxf4 15. Qxf4 Nd7 16. Bb3 Qb8 17. Qxb8 Raxb8 18. Rad1 Nf6 19. Nf1 Rfd8 20. Nd2 Kf8 21. Nc4 Ke7 22. g3 Be4 23. Ne5 Bf5 24. f3 Nd7 25. Kf2 Nxe5 26. Rxe5 Rd6 27. g4 Bh7 28. c4 Rbd8 29. d5 f6 30. Re3 cxd5 31. cxd5 e5 32. f4 Kf7 33. fxe5 fxe5 34. Rxe5 Kf6 35. Rde1 Bg8 36. g5+ Kg6 37. Bc2+ Kh5 38. g6+ Kxh4 39. Rh1+ Kg4 40. Rg1+ Kh4 41. Re4+ 1-0

[Event "Avoine op 25th"]
[Site "Avoine"]
[Date "2010.07.17"]
[Round "1"]
[White "Le Franc, Yves"]
[Black "Cau, Benjamin"]
[Result "1/2-1/2"]
[WhiteElo "1960"]
[BlackElo "2172"]
[PlyCount "51"]
[EventDate "2010.07.17"]
[EventType "swiss"]
[EventRounds "9"]
[EventCountry "FRA"]
[SourceTitle "EXT 2011"]
[Source "ChessBase"]
[SourceDate "2010.11.26"]
[SourceVersion "1"]
[SourceVersionDate "2010.11.26"]
[SourceQuality "1"]

1. e4 c6 2. d4 d5 3. Nc3 dxe4 4. Nxe4 Nf6 5. Nxf6+ gxf6 6. Be3 Bf5 7. c3 Nd7 8. Nf3 Qc7 9. Nh4 Bg6 10. Qb3 e6 11. Nxg6 hxg6 12. g3 Nb6 13. 0-0-0 0-0-0 14. Bg2 Rh5 15. c4 Bh6 16. Bxh6 Rxh6 17. Kb1 Kb8 18. h3 Rhh8 19. Rd3 e5 20. Rhd1 Rhe8 21. dxe5 Rxd3 22. Qxd3 Qxe5 23. Bf3 Na4 24. Qd6+ Qxd6 25. Rxd6 Re1+ 26. Rd1 1/2-1/2

[Event "Avoine op 24th"]
[Site "Avoine"]
[Date "2009.07.24"]
[Round "7"]
[White "Cau, Benjamin"]
[Black "Danzanvilliers, Patrice"]
[Result "1-0"]
[WhiteElo "2169"]
[BlackElo "1890"]
[PlyCount "57"]
[EventDate "2009.07.18"]
[EventType "swiss"]
[EventRounds "9"]
[EventCountry "FRA"]
[SourceTitle "CBM 131 Extra"]
[Source "ChessBase"]
[SourceDate "2009.09.03"]
[SourceVersion "2"]
[SourceVersionDate "2009.09.16"]
[SourceQuality "1"]

1. e4 Nf6 2. e5 Nd5 3. d4 d6 4. c4 Nb6 5. Nf3 g6 6. Nc3 Bg7 7. Be3 Nc6 8. exd6 cxd6 9. Be2 0-0 10. Rc1 Bg4 11. b3 d5 12. c5 Nc8 13. h3 Bxf3 14. Bxf3 e6 15. 0-0 N8e7 16. Ne2 Nf5 17. g3 Qf6 18. Bg2 Nfxd4 19. Nxd4 Nxd4 20. b4 Rfd8 21. a4 Nc6 22. b5 Na5 23. Qe1 Nc4 24. Rxc4 dxc4 25. Bxb7 Rab8 26. c6 Rxb7 27. cxb7 Qf3 28. Qa5 Bf6 29. Qxd8+ 1-0

[Event "Avoine op 24th"]
[Site "Avoine"]
[Date "2009.07.20"]
[Round "3"]
[White "Cau, Benjamin"]
[Black "Vidal, Llewellyn"]
[Result "1/2-1/2"]
[WhiteElo "2169"]
[BlackElo "1957"]
[PlyCount "44"]
[EventDate "2009.07.18"]
[EventType "swiss"]
[EventRounds "9"]
[EventCountry "FRA"]
[SourceTitle "CBM 131 Extra"]
[Source "ChessBase"]
[SourceDate "2009.09.03"]
[SourceVersion "2"]
[SourceVersionDate "2009.09.16"]
[SourceQuality "1"]

1. e4 c5 2. Nf3 d6 3. d4 Nf6 4. Nc3 cxd4 5. Nxd4 g6 6. g3 Bg7 7. Bg2 0-0 8. 0-0 Nc6 9. Nxc6 bxc6 10. e5 dxe5 11. Bxc6 Rb8 12. Bg2 Bf5 13. Qe2 Qa5 14. Ne4 Nd7 15. c4 Rfc8 16. b3 Rxb3 17. Bg5 Rbb8 18. Bxe7 Bxe4 19. Bxe4 Qa6 20. Rac1 Bf6 21. Bxf6 Nxf6 22. Bg2 Rc5 1/2-1/2

[Event "Avoine op 24th"]
[Site "Avoine"]
[Date "2009.07.20"]
[Round "2"]
[White "Sanduleac, Vasile"]
[Black "Cau, Benjamin"]
[Result "1-0"]
[WhiteElo "2435"]
[BlackElo "2169"]
[PlyCount "81"]
[EventDate "2009.07.18"]
[EventType "swiss"]
[EventRounds "9"]
[EventCountry "FRA"]
[SourceTitle "CBM 131 Extra"]
[Source "ChessBase"]
[SourceDate "2009.09.03"]
[SourceVersion "2"]
[SourceVersionDate "2009.09.16"]
[SourceQuality "1"]

1. e4 c6 2. d4 d5 3. Nc3 dxe4 4. Nxe4 Bf5 5. Ng3 Bg6 6. Bc4 e6 7. N1e2 Nf6 8. Nf4 Nbd7 9. h4 Be4 10. Nxe4 Nxe4 11. c3 Nef6 12. Qe2 Bd6 13. g4 Qe7 14. g5 Nd5 15. Nxd5 exd5 16. Qxe7+ Kxe7 17. Bd3 Rae8 18. Be3 Kd8 19. Kd2 Nb6 20. b3 Nc8 21. c4 Bb4+ 22. Kc2 Nd6 23. a3 Ba5 24. c5 Ne4 25. b4 Bc7 26. b5 f5 27. gxf6 Nxf6 28. Rhg1 g6 29. bxc6 bxc6 30. Rab1 Rhf8 31. Bg5 Kd7 32. Bf1 Rb8 33. Bh3+ Ke8 34. Rxb8+ Bxb8 35. Rb1 Bh2 36. f4 Rf7 37. Be6 Rf8 38. Rb8+ Ke7 39. Rxf8 Kxf8 40. Bxf6 Bxf4 41. Bd7 1-0

[Event "Avoine op 24th"]
[Site "Avoine"]
[Date "2009.07.18"]
[Round "1"]
[White "Cau, Benjamin"]
[Black "Rabouan, Jean Francois"]
[Result "1-0"]
[WhiteElo "2169"]
[BlackElo "1953"]
[PlyCount "113"]
[EventDate "2009.07.18"]
[EventType "swiss"]
[EventRounds "9"]
[EventCountry "FRA"]
[SourceTitle "CBM 131 Extra"]
[Source "ChessBase"]
[SourceDate "2009.09.03"]
[SourceVersion "2"]
[SourceVersionDate "2009.09.16"]
[SourceQuality "1"]

1. e4 Nf6 2. e5 Nd5 3. d4 d6 4. Nf3 Bg4 5. c4 Nb6 6. exd6 exd6 7. Be3 Be7 8. Nc3 Nc6 9. Bd3 Bf6 10. 0-0 Bxd4 11. Bxd4 Nxd4 12. Re1+ Ne6 13. h3 Bxf3 14. Qxf3 0-0 15. Qe4 g6 16. Qxb7 Nc5 17. Qf3 Nxd3 18. Qxd3 Qf6 19. b3 Rfe8 20. Nb5 Re7 21. Rxe7 Qxe7 22. Qc3 a6 23. Re1 Qd8 24. Nd4 Qf6 25. Qe3 d5 26. cxd5 Nxd5 27. Qe4 Rd8 28. Nf3 Qb2 29. Rd1 c6 30. Rd2 Qa1+ 31. Kh2 Kf8 32. Qc4 Qf6 33. Qxa6 Qf4+ 34. Kg1 Rd6 35. Qc4 Qf6 36. Qd4 Qf5 37. Re2 Rf6 38. Qc5+ Kg7 39. Re8 Qb1+ 40. Kh2 Rxf3 41. Qf8+ Kf6 42. Qh8+ Kg5 43. gxf3 Qxa2 44. Qe5+ f5 45. Qg3+ Kf6 46. Qh4+ Kg7 47. Qd4+ Kh6 48. Rb8 Kh5 49. Rb7 h6 50. f4 Qe2 51. Rh7 Nf6 52. Rh8 c5 53. Qxc5 Ne4 54. Qe3 Qd1 55. Kg2 Nd2 56. Qg3 Nxb3 57. Qg5# 1-0

[Event "Besancon op"]
[Site "Besancon"]
[Date "2008.12.28"]
[Round "3"]
[White "Jeannerot, Lea"]
[Black "Cau, Benjamin"]
[Result "1/2-1/2"]
[WhiteElo "1951"]
[BlackElo "2184"]
[PlyCount "53"]
[EventDate "2008.12.26"]
[EventType "swiss"]
[EventRounds "7"]
[EventCountry "FRA"]
[SourceTitle "CBM 128 Extra"]
[Source "ChessBase"]
[SourceDate "2009.03.05"]
[SourceVersion "2"]
[SourceVersionDate "2009.03.25"]
[SourceQuality "1"]

1. e4 c6 2. Nc3 d5 3. Nf3 dxe4 4. Nxe4 Bg4 5. Bc4 e6 6. h3 Bxf3 7. Qxf3 Nd7 8. d3 Ne5 9. Qe2 Nxc4 10. dxc4 Nf6 11. 0-0 Nxe4 12. Qxe4 Bc5 13. Be3 Bxe3 14. Qxe3 0-0 15. Rad1 Qb6 16. Qc3 Rad8 17. b3 Rxd1 18. Rxd1 Rd8 19. Rxd8+ Qxd8 20. Qd3 Qe7 21. Kf1 h6 22. a4 c5 23. a5 Qc7 24. Qd2 Kf8 25. g3 Ke7 26. Qc3 g6 27. Ke2 1/2-1/2

[Event "Avoine op 23rd"]
[Site "Avoine"]
[Date "2008.07.26"]
[Round "8"]
[White "Hutois, Mickael"]
[Black "Cau, Benjamin"]
[Result "0-1"]
[WhiteElo "2002"]
[BlackElo "2159"]
[PlyCount "80"]
[EventDate "2008.07.19"]
[EventType "swiss"]
[EventRounds "9"]
[EventCountry "FRA"]
[SourceTitle "CBM 125 Extra"]
[Source "ChessBase"]
[SourceDate "2008.09.01"]
[SourceVersion "1"]
[SourceVersionDate "2008.09.01"]
[SourceQuality "1"]

1. e4 c6 2. d4 d5 3. exd5 cxd5 4. Bd3 Nc6 5. c3 Nf6 6. f4 g6 7. Nf3 Bf5 8. Bxf5 gxf5 9. Ng5 e6 10. 0-0 Bg7 11. Nd2 0-0 12. Rf3 b5 13. Rh3 h6 14. Ngf3 b4 15. Qe1 Rc8 16. Ne5 Qe7 17. Qg3 Kh7 18. Ndf3 Ne4 19. Ng5+ Qxg5 20. Qxg5 Nxg5 21. fxg5 Nxe5 22. dxe5 bxc3 23. bxc3 Bxe5 24. g6+ Kxg6 25. Rxh6+ Kg7 26. Rh3 Rh8 27. Rf3 Bxh2+ 28. Kf2 Be5 29. Bd2 Rc4 30. Re1 Re4 31. Rb1 Rc8 32. Rb3 d4 33. cxd4 Bxd4+ 34. Kf1 Rc2 35. Rbd3 Rxa2 36. Rxd4 Rxd4 37. Bc3 Rad2 38. Rf4 e5 39. Bxd4 Rxd4 40. Rxf5 Rf4+ 0-1

[Event "Avoine op 23rd"]
[Site "Avoine"]
[Date "2008.07.24"]
[Round "6"]
[White "Hervo, Frederic"]
[Black "Cau, Benjamin"]
[Result "1/2-1/2"]
[WhiteElo "1954"]
[BlackElo "2159"]
[PlyCount "71"]
[EventDate "2008.07.19"]
[EventType "swiss"]
[EventRounds "9"]
[EventCountry "FRA"]
[SourceTitle "CBM 125 Extra"]
[Source "ChessBase"]
[SourceDate "2008.09.01"]
[SourceVersion "1"]
[SourceVersionDate "2008.09.01"]
[SourceQuality "1"]

1. d4 d5 2. c4 c6 3. Nc3 Nf6 4. Nf3 dxc4 5. a4 Bf5 6. e3 e6 7. Bxc4 Bb4 8. 0-0 0-0 9. Qe2 Bg6 10. Ne5 Nbd7 11. Nxg6 hxg6 12. Rd1 Qa5 13. Bd2 e5 14. d5 e4 15. dxc6 bxc6 16. Nxe4 Nxe4 17. Bxb4 Qxb4 18. Rxd7 Nf6 19. Rd4 Qa5 20. Qd3 Qh5 21. h3 a5 22. Rd1 Rab8 23. b3 Rfc8 24. Rd6 Qf5 25. Qxf5 gxf5 26. Ba6 Ne4 27. Rd7 Rf8 28. Bc4 Nc5 29. Ra7 Nxb3 30. Bxb3 Rxb3 31. Rc1 Rc8 32. Rxa5 g6 33. Rcc5 Rb2 34. Rc4 Rc7 35. Ra6 Ra2 36. Raxc6 1/2-1/2

[Event "Avoine op 23rd"]
[Site "Avoine"]
[Date "2008.07.22"]
[Round "4"]
[White "Sobry, Sebastien"]
[Black "Cau, Benjamin"]
[Result "1/2-1/2"]
[WhiteElo "2068"]
[BlackElo "2159"]
[PlyCount "79"]
[EventDate "2008.07.19"]
[EventType "swiss"]
[EventRounds "9"]
[EventCountry "FRA"]
[SourceTitle "CBM 125 Extra"]
[Source "ChessBase"]
[SourceDate "2008.09.01"]
[SourceVersion "1"]
[SourceVersionDate "2008.09.01"]
[SourceQuality "1"]

1. e4 c6 2. d4 d5 3. Nc3 dxe4 4. Nxe4 Bf5 5. Ng3 Bg6 6. h4 h6 7. Nf3 Nd7 8. h5 Bh7 9. Bd3 Bxd3 10. Qxd3 Ngf6 11. Bf4 e6 12. 0-0-0 Be7 13. Kb1 0-0 14. Ne4 Nxe4 15. Qxe4 Nf6 16. Qe2 Qd5 17. Ne5 Qe4 18. Qxe4 Nxe4 19. Rhe1 Nf6 20. g4 a5 21. c4 Rfd8 22. f3 a4 23. Rd3 Nd7 24. Red1 Kf8 25. Nxd7+ Rxd7 26. d5 cxd5 27. cxd5 exd5 28. Rxd5 Rxd5 29. Rxd5 Ra6 30. Rb5 Rf6 31. Rxb7 Rxf4 32. Rb8+ Bd8 33. Rxd8+ Ke7 34. Rd3 f5 35. gxf5 Kf6 36. Rd6+ Kg5 37. Rg6+ Kxh5 38. Rxg7 Rxf5 39. Rg4 a3 40. bxa3 1/2-1/2

[Event "Rhone op 4th"]
[Site "Rhone"]
[Date "2008.04.16"]
[Round "7"]
[White "Gomez Jurado, Luis Alberto"]
[Black "Cau, Benjamin"]
[Result "0-1"]
[WhiteElo "2293"]
[BlackElo "2159"]
[PlyCount "72"]
[EventDate "2008.04.12"]
[EventType "swiss"]
[EventRounds "9"]
[EventCountry "FRA"]
[SourceTitle "CBM 123 Extra"]
[Source "ChessBase"]
[SourceDate "2008.05.06"]
[SourceVersion "1"]
[SourceVersionDate "2008.05.06"]
[SourceQuality "1"]

1. d4 d5 2. Nf3 Nf6 3. c4 c6 4. Nc3 dxc4 5. a4 Bf5 6. Nh4 e6 7. Nxf5 exf5 8. e3 Bd6 9. Bxc4 Na6 10. Qf3 Qd7 11. Bd3 g6 12. h3 Nb4 13. Bb1 Nbd5 14. Nxd5 Nxd5 15. Bd2 Qe7 16. 0-0 Nf6 17. Rc1 0-0 18. g4 fxg4 19. hxg4 Rae8 20. Qg2 Ne4 21. Be1 f5 22. a5 fxg4 23. Bxe4 Qxe4 24. Qxe4 Rxe4 25. a6 bxa6 26. Rxc6 Bb8 27. Bb4 Rfe8 28. d5 Rxb4 29. d6 Rd8 30. Raxa6 Rb6 31. Raxb6 axb6 32. d7 Kf7 33. Rxb6 Bc7 34. Rb4 h5 35. Rd4 Be5 36. Rb4 Rxd7 0-1